Mathematics of multiscale materials / (Record no. 29167)
[ view plain ]
| 000 -LEADER | |
|---|---|
| fixed length control field | 00917 a2200241 4500 |
| 020 ## - INTERNATIONAL STANDARD BOOK NUMBER | |
| International Standard Book Number | 038798528X |
| 020 ## - INTERNATIONAL STANDARD BOOK NUMBER | |
| International Standard Book Number | 9780387985282 |
| 082 04 - DEWEY DECIMAL CLASSIFICATION NUMBER | |
| Classification number | 620.11015118 |
| 090 ## - LOCALLY ASSIGNED LC-TYPE CALL NUMBER (OCLC); LOCAL CALL NUMBER (RLIN) | |
| -- | 537 |
| -- | 537 |
| 100 ## - MAIN ENTRY--PERSONAL NAME | |
| Personal name | Golden, Kenneth M. |
| 245 10 - TITLE STATEMENT | |
| Title | Mathematics of multiscale materials / |
| Statement of responsibility, etc. | Kenneth M. Golden, Geoffrey R. Grimmett, Richard D. James, Graeme W. Milton, Pabitra N. Sen. |
| 260 ## - PUBLICATION, DISTRIBUTION, ETC. | |
| Place of publication, distribution, etc. | [S.l.] : |
| Name of publisher, distributor, etc. | Springer, |
| Date of publication, distribution, etc. | 1998. |
| 300 ## - PHYSICAL DESCRIPTION | |
| Extent | 290 p. ; |
| Dimensions | 24 cm. |
| 490 1# - SERIES STATEMENT | |
| Series statement | The ima volumes in mathematics and its applications. |
| 700 1# - ADDED ENTRY--PERSONAL NAME | |
| Personal name | Golden, Kenneth M. |
| 700 1# - ADDED ENTRY--PERSONAL NAME | |
| Personal name | Grimmett, Geoffrey R. |
| 700 1# - ADDED ENTRY--PERSONAL NAME | |
| Personal name | James, Richard D. |
| 700 1# - ADDED ENTRY--PERSONAL NAME | |
| Personal name | Milton, Graeme W. |
| 700 1# - ADDED ENTRY--PERSONAL NAME | |
| Personal name | Sen, Pabitra N. |
| 830 #4 - SERIES ADDED ENTRY--UNIFORM TITLE | |
| Uniform title | The ima volumes in mathematics and its applications. |
| 942 ## - ADDED ENTRY ELEMENTS (KOHA) | |
| Institution code [OBSOLETE] | SNS |
| Koha item type | Book |
| Call number prefix | 620.11015118 GOL |
| Withdrawn status | Lost status | Damaged status | Not for loan | Permanent Location | Current Location | Date acquired | Total Checkouts | Full call number | Barcode | Date last seen | Price effective from | Koha item type |
|---|---|---|---|---|---|---|---|---|---|---|---|---|
| School of Natural Sciences (SNS) | School of Natural Sciences (SNS) | 05/26/2016 | 620.11015118 GOL | SNS0000480 | 05/26/2016 | 05/26/2016 | Book |
